Elementary Business Statistics: A First Course (Record no. 1080)

MARC details
005 - DATE AND TIME OF LATEST TRANSACTION
control field 20250403115949.0
020 ## - INTERNATIONAL STANDARD BOOK NUMBER
International Standard Book Number 0-87872-301-3
082 ## - DEWEY DECIMAL CLASSIFICATION NUMBER
Classification number 519.5 JOH
100 ## - MAIN ENTRY--PERSONAL NAME
Author name JOHNSON, R. R.
245 ## - TITLE STATEMENT
Title Elementary Business Statistics: A First Course
260 ## - PUBLICATION, DISTRIBUTION, ETC.
Place of publication, distribution, etc. Boston,
Name of publisher, distributor, etc. Duxbury Press,
Date of publication, distribution, etc. 1982.
300 ## - PHYSICAL DESCRIPTION
Extent xvii, 489p.: ill,; figure, graph, table
Other physical details Index.
Dimensions 24cm.
700 ## - ADDED ENTRY--PERSONAL NAME
Other authors/Editors SISKIN, B. R.
942 ## - ADDED ENTRY ELEMENTS (KOHA)
Source of classification or shelving scheme Dewey Decimal Classification
Koha item type Books
Holdings
Date last seen Total checkouts Full call number Barcode Cost, replacement price Price effective from Koha item type Lost status Source of classification or shelving scheme Damaged status Not for loan Withdrawn status Home library Current library Shelving location Date acquired Cost, normal purchase price
06/13/2025   519 JOH DOM000802 60000.00 06/13/2025 Books   Dewey Decimal Classification       CBE Dodoma CBE Dodoma General Collection 12/13/1988 20000.00
04/03/2025   519.5 JOH 0000004170 60000.00 04/03/2025 Books   Dewey Decimal Classification       College of Business Education Main Library College of Business Education Main Library General Collection 12/13/1988 20000.00